UBT Library

Statistical reasoning for the behavioral sciences / (Record no. 42834)

000 -LEADER
fixed length control field 00581cam a2200217 i 4500
001 - CONTROL NUMBER
control field 409733
005 - DATE AND TIME OF LATEST TRANSACTION
control field 20180216081929.0
008 - FIXED-LENGTH DATA ELEMENTS--GENERAL INFORMATION
fixed length control field 800529s1981 maua b 001 0 eng
010 ## - LIBRARY OF CONGRESS CONTROL NUMBER
LC control number 80017678
020 ## - INTERNATIONAL STANDARD BOOK NUMBER
International Standard Book Number 0205069355 :
Terms of availability $17.95
040 ## - CATALOGING SOURCE
Original cataloging agency DLC
Transcribing agency DLC
Modifying agency DLC
041 ## - LANGUAGE CODE
Language code of text/sound track or separate title eng
080 ## - UNIVERSAL DECIMAL CLASSIFICATION NUMBER
Universal Decimal Classification number 150.72 SHAV
082 00 - DEWEY DECIMAL CLASSIFICATION NUMBER
Classification number 150.72 SHAV
100 1# - Rafti
Rafti 55
101 ## - Shkurtesa
Shkurtesa STA
245 10 - TITLE STATEMENT
Title Statistical reasoning for the behavioral sciences /
Statement of responsibility, etc Richard J. Shavelson.
504 ## - BIBLIOGRAPHY, ETC. NOTE
Bibliography, etc Bibliography: p. 671-673.
906 ## - LOCAL DATA ELEMENT F, LDF (RLIN)
a 7
b cbc
c orignew
d 1
e ocip
f 19
g y-gencatlg
942 ## - ADDED ENTRY ELEMENTS (KOHA)
Source of classification or shelving scheme
Item type Books
Holdings
Withdrawn status Lost status Source of classification or shelving scheme Damaged status Not for loan Collection code Permanent location Current location Shelving location Date acquired Total Checkouts Full call number Barcode Date last seen Price effective from Koha item type
          Koleksioni i përgjithshem UBT - Lipjan UBT - Lipjan Koleksioni i përgjithshem 02/16/2018   150.72 SHAV 002-2998347 02/16/2018 02/16/2018 Books
UBT Library © 2015-2024. All rights reserved University Education for Business and Technology